[Event "Titled Tuesday intern op 23rd Apr Late"]
[Site "Chess.com INT"]
[Date "2024.04.23"]
[Round "4"]
[White "Onischuk, Vladimir"]
[Black "Hakobyan, Aram"]
[Result "1-0"]
[WhiteElo "2619"]
[BlackElo "2619"]
[PlyCount "173"]
[EventDate "2024.04.23"]
[EventType "swiss (blitz)"]
[EventRounds "11"]
[EventCountry "USA"]
[SourceTitle "CB18_2024"]
[SourceDate "2024.05.01"]
[SourceVersion "1"]
[SourceVersionDate "2024.05.01"]
[SourceQuality "2"]

1. e4 c6 2. d4 d5 3. Nc3 dxe4 4. Nxe4 Nf6 5. Nxf6+ gxf6 6. g3 Qd5 7. Nf3 Bg4 8. Bg2 Nd7 9. 0-0 Qh5 10. c4 0-0-0 11. Qb3 e6 12. Bf4 e5 13. Bd2 exd4 14. Nxd4 Nc5 15. Qe3 Bd6 16. Rfe1 Bh3 17. Bxh3+ Qxh3 18. Bc3 h5 19. Qf3 h4 20. Qf5+ Qxf5 21. Nxf5 hxg3 22. hxg3 Nd3 23. Bxf6 Nxe1 24. Rxe1 Bb4 25. Rc1 Rh5 26. Bxd8 Rxf5 27. Bh4 Rf3 28. Kg2 Rd3 29. Bg5 Kd7 30. Be3 a6 31. Kf3 Ke6 32. Ke2 Rd8 33. Rh1 Be7 34. g4 b5 35. Rh6+ f6 36. cxb5 axb5 37. g5 Kf5 38. gxf6 Bxf6 39. Rh5+ Ke6 40. Rc5 Kd7 41. b3 Ra8 42. Rc2 Be7 43. f4 Bd6 44. Kf3 Rh8 45. Ke4 Re8+ 46. Kf3 Rh8 47. Bd4 Rh3+ 48. Ke4 Rh1 49. Re2 c5 50. Be5 Bf8 51. Rd2+ Kc6 52. f5 Rh4+ 53. Kf3 c4 54. bxc4 bxc4 55. f6 Rh5 56. Ke4 Rh1 57. Kf5 Bb4 58. Re2 Kd7 59. f7 Ke7 60. Bc3+ Kxf7 61. Bxb4 Rb1 62. Bc3 Rf1+ 63. Ke4 Rc1 64. Kd4 Rh1 65. Kxc4 Rh5 66. Kb3 Rh4 67. a4 Rh6 68. a5 Rg6 69. Rd2 Ra6 70. Ra2 Ke7 71. Kc4 Kd7 72. Kb5 Re6 73. Bd4 Kc7 74. a6 Kb8 75. Bc5 Ka8 76. Rh2 Re8 77. Rh7 Rb8+ 78. Bb6 Re8 79. Kc6 Rc8+ 80. Bc7 Rg8 81. Rh5 Ka7 82. Rb5 Rg6+ 83. Bd6 Kxa6 84. Rb8 Ka7 85. Rb4 Rg4 86. Rxg4 Ka8 87. Ra4# 1-0

[Event "Titled Tuesday intern op 02nd Apr Early"]
[Site "Chess.com INT"]
[Date "2024.04.02"]
[Round "5"]
[White "Kozlov, Gennady"]
[Black "Onischuk, Vladimir"]
[Result "0-1"]
[WhiteElo "2410"]
[BlackElo "2619"]
[PlyCount "94"]
[EventDate "2024.04.02"]
[EventType "swiss (blitz)"]
[EventRounds "11"]
[EventCountry "USA"]
[SourceTitle "CB15_2024"]
[SourceDate "2024.04.10"]
[SourceVersion "1"]
[SourceVersionDate "2024.04.10"]
[SourceQuality "1"]

1. b3 Nf6 2. Bb2 g6 3. e3 Bg7 4. f4 0-0 5. Nf3 d6 6. Be2 Nc6 7. 0-0 e5 8. fxe5 Ng4 9. Nc3 Ngxe5 10. Nxe5 dxe5 11. Bc4 Qe7 12. Qe2 Be6 13. d3 a6 14. a4 Rfd8 15. Rab1 h6 16. Qf3 Rd7 17. Bxe6 Qxe6 18. Ne4 Qe7 19. Ra1 f5 20. Ba3 fxe4 21. Qxe4 Qe6 22. Rf3 Rf7 23. Raf1 Rxf3 24. Rxf3 Rd8 25. d4 Qd7 26. Qxg6 exd4 27. Qg3 dxe3 28. Rxe3 Qd1+ 29. Re1 Qxc2 30. Qg4 Qxb3 31. Bc1 Kh8 32. h4 Qc3 33. Qe2 Nd4 34. Qe7 Nc6 35. Qe2 Qd4+ 36. Be3 Qxh4 37. Bf2 Qxa4 38. Qh5 Qf4 39. g3 Qg5 40. Qh3 Ne5 41. Re4 Qg6 42. Rf4 Nd3 43. Rg4 Qf6 44. Be3 Ne5 45. Rf4 Rd1+ 46. Kg2 Qc6+ 47. Kf2 Qc2+ 0-1

[Event "Titled Tuesday intern op 02nd Apr Early"]
[Site "Chess.com INT"]
[Date "2024.04.02"]
[Round "7"]
[White "Onischuk, Vladimir"]
[Black "Le, Tuan Minh"]
[Result "0-1"]
[WhiteElo "2619"]
[BlackElo "2567"]
[PlyCount "98"]
[EventDate "2024.04.02"]
[EventType "swiss (blitz)"]
[EventRounds "11"]
[EventCountry "USA"]
[SourceTitle "CB15_2024"]
[SourceDate "2024.04.10"]
[SourceVersion "1"]
[SourceVersionDate "2024.04.10"]
[SourceQuality "1"]

1. e4 c5 2. Nf3 Nf6 3. Nc3 d5 4. exd5 Nxd5 5. Bc4 Nb6 6. Bb5+ Bd7 7. Bxd7+ Qxd7 8. d4 cxd4 9. Qxd4 Nc6 10. Qxd7+ Nxd7 11. Be3 e5 12. 0-0-0 f6 13. Nb5 Rc8 14. c3 a6 15. Nd6+ Bxd6 16. Rxd6 Ke7 17. Rhd1 Rhd8 18. Kb1 Na5 19. b3 Nc6 20. Kb2 Nf8 21. Rxd8 Nxd8 22. c4 Nfe6 23. Kc3 b5 24. Rd5 Nb7 25. Nd2 Nd6 26. a4 bxc4 27. Nxc4 Nxc4 28. bxc4 Rc6 29. Kb4 h5 30. Rd2 g5 31. Rb2 f5 32. f3 g4 33. Kc3 f4 34. Bf2 gxf3 35. gxf3 Kd7 36. Rb7+ Ke8 37. Rh7 Ng5 38. Rxh5 Nxf3 39. Kd3 Kf7 40. Ke4 Kg6 41. Rh8 Ng5+ 42. Kd5 Rc7 43. c5 e4 44. Rg8+ Kf5 45. Rf8+ Nf7 46. c6 e3 47. Be1 Kg4 48. Ba5 Re7 49. c7 Rd7+ 0-1

[Event "Titled Tuesday intern op 02nd Apr Early"]
[Site "Chess.com INT"]
[Date "2024.04.02"]
[Round "10"]
[White "Onischuk, Vladimir"]
[Black "Nasir, Zehn"]
[Result "1-0"]
[WhiteElo "2619"]
[BlackElo "2057"]
[PlyCount "109"]
[EventDate "2024.04.02"]
[EventType "swiss (blitz)"]
[EventRounds "11"]
[EventCountry "USA"]
[SourceTitle "CB15_2024"]
[SourceDate "2024.04.10"]
[SourceVersion "1"]
[SourceVersionDate "2024.04.10"]
[SourceQuality "1"]

1. e4 c6 2. d4 d5 3. e5 Bf5 4. Nc3 e6 5. g4 Bg6 6. Nge2 h5 7. Nf4 Bh7 8. Nxh5 c5 9. Be3 Nc6 10. Bb5 Qc7 11. dxc5 Qxe5 12. Qd4 Qxd4 13. Bxd4 f6 14. 0-0-0 Kf7 15. Bxc6 bxc6 16. f4 Ne7 17. Ng3 Ng6 18. f5 Nf4 19. Be3 Ng2 20. fxe6+ Kxe6 21. Bd4 Kf7 22. Rhf1 Bg6 23. g5 Be7 24. Rd2 Nh4 25. gxf6 gxf6 26. Rdf2 Kg7 27. Rxf6 Bxf6 28. Bxf6+ Kg8 29. Bxh8 Kxh8 30. Rf6 Rc8 31. Nce2 Kg7 32. Rd6 Nf3 33. Nf4 Be8 34. Nf5+ Kf7 35. Rh6 Ng5 36. h4 Ne4 37. Nd6+ Nxd6 38. cxd6 Kg7 39. Re6 Kf7 40. Re7+ Kf6 41. d7 Bxd7 42. Rxd7 Rh8 43. h5 Kf5 44. Rf7+ Kg5 45. b3 Re8 46. Nd3 Kxh5 47. Rxa7 Kg5 48. Rc7 Re6 49. a4 Kf5 50. a5 Rh6 51. a6 c5 52. a7 Ra6 53. Nxc5 Ra5 54. b4 Ra3 55. Kb2 1-0

[Event "Titled Tuesday intern op 13th Feb Early"]
[Site "Chess.com INT"]
[Date "2024.02.13"]
[Round "3"]
[White "Onischuk, Vladimir"]
[Black "Le, Tuan Minh"]
[Result "0-1"]
[WhiteElo "2619"]
[BlackElo "2567"]
[PlyCount "54"]
[EventDate "2024.02.13"]
[EventType "swiss (blitz)"]
[EventRounds "11"]
[EventCountry "USA"]
[SourceTitle "CB08_2024"]
[SourceDate "2024.02.21"]
[SourceVersion "1"]
[SourceVersionDate "2024.02.21"]
[SourceQuality "1"]

1. e4 e5 2. Nf3 Nc6 3. Bb5 a6 4. Ba4 Bc5 5. 0-0 Nge7 6. c3 Ng6 7. d4 Ba7 8. d5 Nce7 9. c4 0-0 10. h4 d6 11. h5 Nf4 12. Bxf4 exf4 13. Qd2 Bg4 14. Qxf4 Bxh5 15. Nc3 Ng6 16. Qg3 Qf6 17. Bd1 Rfe8 18. Nh2 Re5 19. Bxh5 Rxh5 20. Nf3 Nf4 21. Rfe1 Re8 22. e5 dxe5 23. Ne4 Qd8 24. Rad1 Rh6 25. Nxe5 Nh5 26. Qc3 Qh4 27. Kf1 Nf4 0-1

[Event "Titled Tuesday intern op 13th Feb Early"]
[Site "Chess.com INT"]
[Date "2024.02.13"]
[Round "7"]
[White "Tari, Aryan"]
[Black "Onischuk, Vladimir"]
[Result "1/2-1/2"]
[WhiteElo "2635"]
[BlackElo "2619"]
[PlyCount "144"]
[EventDate "2024.02.13"]
[EventType "swiss (blitz)"]
[EventRounds "11"]
[EventCountry "USA"]
[SourceTitle "CB08_2024"]
[SourceDate "2024.02.21"]
[SourceVersion "1"]
[SourceVersionDate "2024.02.21"]
[SourceQuality "1"]

1. e4 d6 2. d4 Nf6 3. Nc3 g6 4. Nf3 Bg7 5. Be2 0-0 6. 0-0 a6 7. Re1 Nc6 8. d5 Ne5 9. Nxe5 dxe5 10. a4 e6 11. Bc4 exd5 12. Nxd5 Nxd5 13. Bxd5 c6 14. Bb3 Qe7 15. Qe2 Be6 16. Bxe6 Qxe6 17. Be3 b5 18. Red1 Rfd8 19. Rxd8+ Rxd8 20. Bb6 Rb8 21. a5 Rb7 22. c4 Rd7 23. cxb5 cxb5 24. Rc1 h5 25. h4 Kh7 26. g3 Bh6 27. Rc2 Qb3 28. Kg2 Qe6 29. Be3 Bxe3 30. Qxe3 Rd4 31. Rc7 Kg7 32. Qf3 Rb4 33. Rb7 Rb3 34. Qe2 Qd6 35. Qc2 Rb4 36. Qc3 Qd4 37. Qf3 Qc4 38. Rb6 Qxe4 39. Qxe4 Rxe4 40. Rxa6 Rb4 41. Rb6 Rxb2 42. a6 b4 43. Rb5 Ra2 44. Rxb4 Rxa6 45. Rb7 Kf6 46. Rc7 Ke6 47. Rb7 f6 48. Rg7 Kf5 49. Rb7 Ra3 50. Rb2 Ra5 51. Rc2 e4 52. Rb2 Re5 53. Rc2 Kg4 54. Rc4 Kf5 55. Rc2 e3 56. fxe3 Rxe3 57. Rc5+ Re5 58. Rc2 Ra5 59. Rf2+ Ke6 60. Re2+ Re5 61. Rb2 Kd5 62. Rd2+ Ke4 63. Ra2 Ke3 64. Ra3+ Kd4 65. Ra2 Rf5 66. Rb2 Ke4 67. Ra2 Rd5 68. Rb2 Ke3 69. Rb3+ Ke4 70. Rb2 Rf5 71. Ra2 Ke5 72. Rb2 Ke4 1/2-1/2

[Event "Titled Tuesday intern op 16th Jan Early"]
[Site "Chess.com INT"]
[Date "2024.01.16"]
[Round "2"]
[White "Marcziter, Dmitrii"]
[Black "Onischuk, Vladimir"]
[Result "0-1"]
[WhiteElo "2190"]
[BlackElo "2619"]
[PlyCount "68"]
[EventDate "2024.01.16"]
[EventType "swiss (blitz)"]
[EventRounds "11"]
[EventCountry "USA"]
[SourceTitle "CB04_2024"]
[SourceDate "2023.10.16"]
[SourceVersion "1"]
[SourceVersionDate "2023.10.16"]
[SourceQuality "1"]

1. d4 d6 2. e4 g6 3. Nc3 Bg7 4. f4 Nf6 5. Nf3 0-0 6. Bd3 Na6 7. Bxa6 bxa6 8. 0-0 Rb8 9. Kh1 Nd7 10. Rb1 c5 11. Be3 Bb7 12. Qd2 Qc7 13. Rbd1 Rfc8 14. d5 a5 15. a4 Ba6 16. Rfe1 Rxb2 17. e5 Nb6 18. Qc1 Nc4 19. Bf2 Rcb8 20. Ne4 Bc8 21. h3 Bf5 22. Nfd2 Nxd2 23. Qxd2 R8b4 24. Nc3 Rxc2 25. Qe3 Rb3 26. exd6 Qxd6 27. Nb5 Rxe3 28. Nxd6 Rxe1+ 29. Rxe1 exd6 30. Re8+ Bf8 31. Bh4 Kg7 32. g4 Bd3 33. f5 gxf5 34. Bg3 Be4+ 0-1

[Event "Titled Tuesday intern op 09th Jan Early"]
[Site "Chess.com INT"]
[Date "2024.01.09"]
[Round "5"]
[White "Le, Tuan Minh"]
[Black "Onischuk, Vladimir"]
[Result "1-0"]
[WhiteElo "2567"]
[BlackElo "2619"]
[PlyCount "67"]
[EventDate "2024.01.09"]
[EventType "swiss (blitz)"]
[EventRounds "11"]
[EventCountry "USA"]
[SourceTitle "CB03_2024"]
[SourceDate "2024.01.17"]
[SourceVersion "1"]
[SourceVersionDate "2024.01.17"]
[SourceQuality "1"]

1. d4 d6 2. e4 g6 3. Bc4 Bg7 4. Nf3 e6 5. Bb3 Ne7 6. 0-0 0-0 7. Re1 h6 8. c3 b6 9. Nbd2 Bb7 10. Nf1 Nd7 11. Ng3 a6 12. h3 b5 13. Be3 Kh7 14. Qd2 Nb6 15. Qe2 Qd7 16. Rad1 a5 17. Bc1 Ba6 18. e5 d5 19. Qe3 b4 20. Bc2 Nc4 21. Qf4 bxc3 22. bxc3 Kh8 23. Nh2 Ng8 24. Ng4 Rfb8 25. h4 Qe7 26. h5 g5 27. Qf3 Nb2 28. Nf5 Qd8 29. Nxg7 Kxg7 30. Qg3 Nxd1 31. Rxd1 Bc4 32. f4 Kf8 33. fxg5 hxg5 34. h6 1-0

[Event "Titled Tuesday intern op 09th Jan Early"]
[Site "Chess.com INT"]
[Date "2024.01.09"]
[Round "7"]
[White "Onischuk, Vladimir"]
[Black "Martinez Alcantara, Jose Eduardo"]
[Result "1-0"]
[WhiteElo "2619"]
[BlackElo "2610"]
[PlyCount "119"]
[EventDate "2024.01.09"]
[EventType "swiss (blitz)"]
[EventRounds "11"]
[EventCountry "USA"]
[SourceTitle "CB03_2024"]
[SourceDate "2024.01.17"]
[SourceVersion "1"]
[SourceVersionDate "2024.01.17"]
[SourceQuality "1"]

1. e4 c5 2. Nf3 d6 3. d4 cxd4 4. Nxd4 a6 5. Nc3 e6 6. Be2 Nf6 7. 0-0 b5 8. Bf3 Ra7 9. Be3 Rc7 10. Re1 Be7 11. a4 bxa4 12. Rxa4 0-0 13. Nb3 Nbd7 14. Be2 Rc6 15. Qa1 Ne5 16. Na5 Rc5 17. Bxc5 dxc5 18. Nb3 Nc6 19. Rd1 Qc7 20. Bxa6 Nb4 21. Bxc8 Qxc8 22. Rd2 Ng4 23. Qd1 Ne5 24. Qe2 h5 25. Ra7 Bg5 26. Rd1 Nec6 27. Raa1 Bf6 28. Na4 Nd4 29. Nxd4 cxd4 30. c3 dxc3 31. bxc3 Nc6 32. Qc4 Qe8 33. Qb5 Ne5 34. Qxe8 Rxe8 35. Nb6 Ng6 36. Ra3 Re7 37. c4 Rc7 38. Ra8+ Kh7 39. Rc8 Rb7 40. c5 Be5 41. Rd7 Rxd7 42. Nxd7 Bf4 43. g3 Ne7 44. Re8 Bg5 45. f4 Bxf4 46. Rxe7 Be3+ 47. Kf1 Bxc5 48. Nxc5 Kg6 49. Rc7 Kf6 50. Ke2 g5 51. Ke3 g4 52. Nd3 Kg6 53. Ne5+ Kf6 54. Nxf7 h4 55. gxh4 g3 56. hxg3 Kg6 57. g4 e5 58. Nxe5+ Kh6 59. g5+ Kh5 60. Rh7# 1-0

[Event "Titled Tuesday intern op 19th Dec Early"]
[Site "Chess.com INT"]
[Date "2023.12.19"]
[Round "2"]
[White "Teterev, Vitaly"]
[Black "Onischuk, Vladimir"]
[Result "1-0"]
[WhiteElo "2306"]
[BlackElo "2619"]
[PlyCount "117"]
[EventDate "2023.12.19"]
[EventType "swiss (blitz)"]
[EventRounds "11"]
[EventCountry "USA"]
[SourceTitle "CB52_2023"]
[SourceDate "2023.12.27"]
[SourceVersion "1"]
[SourceVersionDate "2023.12.27"]
[SourceQuality "1"]

1. e4 d6 2. d4 Nf6 3. Bd3 e5 4. c3 Nc6 5. Nf3 g6 6. 0-0 Bg7 7. Re1 0-0 8. h3 a5 9. a4 d5 10. exd5 Nxd5 11. dxe5 Be6 12. Bg5 Qd7 13. Bb5 h6 14. Bh4 g5 15. Bg3 Rad8 16. Nbd2 Qc8 17. Qe2 Nce7 18. Nd4 Nf5 19. Nxf5 Bxf5 20. Nb3 c6 21. Bc4 Rfe8 22. Nd4 Bg6 23. Rad1 Kh8 24. Bd3 Ne7 25. Bxg6 Nxg6 26. Qh5 Kh7 27. Qf3 Kg8 28. Qh5 Kh7 29. Nf3 Rxd1 30. Rxd1 Kg8 31. Qg4 Qxg4 32. hxg4 Bxe5 33. Re1 f6 34. Bxe5 Nxe5 35. Nxe5 fxe5 36. Rd1 Kf7 37. Rd6 Re6 38. Rd7+ Re7 39. Rd8 e4 40. Kf1 Ke6 41. Rh8 Ke5 42. g3 Re6 43. Ke2 Kd5 44. b3 Kc5 45. Rc8 Rd6 46. Re8 Rd3 47. Re5+ Kd6 48. Rxe4 Rxc3 49. Re3 Rxe3+ 50. Kxe3 b5 51. f4 gxf4+ 52. gxf4 Kd5 53. Kd3 b4 54. Ke3 c5 55. f5 Ke5 56. Kd3 Kd5 57. Ke2 c4 58. bxc4+ Ke5 59. Kd3 1-0

[Event "Titled Tuesday intern op 12th Dec Early"]
[Site "Chess.com INT"]
[Date "2023.12.12"]
[Round "4"]
[White "Onischuk, Vladimir"]
[Black "Leenhouts, Koen"]
[Result "1/2-1/2"]
[WhiteElo "2619"]
[BlackElo "2446"]
[PlyCount "69"]
[EventDate "2023.12.12"]
[EventType "swiss (blitz)"]
[EventRounds "11"]
[EventCountry "USA"]
[SourceTitle "CB51_2023"]
[SourceDate "2023.12.20"]
[SourceVersion "1"]
[SourceVersionDate "2023.12.20"]
[SourceQuality "1"]

1. e4 e6 2. d4 d5 3. Bd3 c5 4. exd5 exd5 5. Nf3 c4 6. Be2 Nf6 7. b3 cxb3 8. axb3 Bd6 9. 0-0 0-0 10. c4 h6 11. Nc3 Nc6 12. h3 Re8 13. Be3 Bf5 14. Bd3 Bxd3 15. Qxd3 a6 16. Rfe1 Nb4 17. Qd2 Ne4 18. Nxe4 dxe4 19. Ne5 a5 20. Bf4 Bxe5 21. dxe5 Qxd2 22. Bxd2 Nc2 23. Bc3 Nxe1 24. Rxe1 a4 25. bxa4 Rxa4 26. Rxe4 Rc8 27. e6 fxe6 28. Rxe6 Raxc4 29. Be5 Re4 30. f4 Rf8 31. Rb6 Rfxf4 32. Bxf4 Rxf4 33. Rxb7 Rf7 34. Rb8+ Rf8 35. Rb7 1/2-1/2

[Event "Olympiad-44"]
[Site "Chennai"]
[Date "2022.08.06"]
[Round "8.4"]
[White "Diamant, Andre"]
[Black "Onischuk, Vladimir"]
[Result "0-1"]
[WhiteElo "2538"]
[BlackElo "2612"]
[PlyCount "100"]
[EventDate "2022.07.29"]
[EventType "team-swiss"]
[EventRounds "11"]
[EventCountry "IND"]
[SourceTitle "CBM 210"]
[Source "ChessBase"]
[SourceDate "2022.10.31"]
[SourceVersion "1"]
[SourceVersionDate "2022.10.31"]
[SourceQuality "1"]
[WhiteTeam "Brazil"]
[BlackTeam "Ukraine"]
[WhiteTeamCountry "BRA"]
[BlackTeamCountry "UKR"]

1. Nf3 Nf6 2. c4 g6 3. Nc3 Bg7 4. e4 d6 5. d4 0-0 6. Be2 c6 7. 0-0 e5 8. d5 Na6 9. Bg5 h6 10. Bh4 Bd7 11. Nd2 c5 12. a3 Qe7 13. Rb1 Rfc8 14. b4 Qf8 15. Kh1 Nh7 16. f3 h5 17. bxc5 Nxc5 18. Nb3 Na4 19. Nxa4 Bxa4 20. Qd2 b6 21. Qb4 Qe8 22. Bf2 Bh6 23. Nc1 Bd7 24. Na2 Qe7 25. a4 h4 26. h3 Nf6 27. Bxh4 Kg7 28. g4 Rh8 29. Kg2 Bf4 30. Bf2 Rxh3 31. Rh1 Rhh8 32. Qb3 Bxg4 33. fxg4 Nxe4 34. Nc3 Nd2 35. Qc2 Nxb1 36. Qxb1 Rxh1 37. Kxh1 Rh8+ 38. Kg1 Qg5 39. Qe4 f5 40. Qf3 e4 41. Bd4+ Kf7 42. Nxe4 fxe4 43. Qxe4 Be5 44. Bf2 Kg7 45. a5 bxa5 46. c5 dxc5 47. Qa4 Qc1+ 48. Bd1 Rf8 49. Bh4 Qe3+ 50. Kg2 Qd2+ 0-1

[Event "Olympiad-44"]
[Site "Chennai"]
[Date "2022.08.03"]
[Round "6.4"]
[White "Flores, Diego"]
[Black "Onischuk, Vladimir"]
[Result "0-1"]
[WhiteElo "2528"]
[BlackElo "2612"]
[PlyCount "60"]
[EventDate "2022.07.29"]
[EventType "team-swiss"]
[EventRounds "11"]
[EventCountry "IND"]
[SourceTitle "CBM 210"]
[Source "ChessBase"]
[SourceDate "2022.10.31"]
[SourceVersion "1"]
[SourceVersionDate "2022.10.31"]
[SourceQuality "1"]
[WhiteTeam "Argentina"]
[BlackTeam "Ukraine"]
[WhiteTeamCountry "ARG"]
[BlackTeamCountry "UKR"]

1. Nf3 Nf6 2. d4 g6 3. c4 Bg7 4. Nc3 0-0 5. e4 d6 6. Be2 c6 7. 0-0 e5 8. Be3 Na6 9. Rb1 exd4 10. Bxd4 Re8 11. Nd2 Nc5 12. f3 Ne6 13. Be3 d5 14. cxd5 cxd5 15. exd5 Nxd5 16. Nxd5 Qxd5 17. Bc4 Qe5 18. Re1 b5 19. Bf2 Qf5 20. g4 Qf4 21. Bd5 Rd8 22. Bxa8 Rxd2 23. Qc1 Bd4 24. Qxc8+ Kg7 25. Rf1 Be5 26. Bg3 Qe3+ 27. Bf2 Qh6 28. f4 Nxf4 29. h4 Nh3+ 30. Kg2 Qf4 0-1

[Event "Titled Tuesday intern op 08th Feb Early"]
[Site "Chess.com INT"]
[Date "2022.02.08"]
[Round "4"]
[White "Onischuk, Vladimir"]
[Black "Orozbaev, Eldiar"]
[Result "1-0"]
[WhiteElo "2612"]
[BlackElo "2076"]
[PlyCount "159"]
[EventDate "2022.02.08"]
[EventType "swiss (blitz)"]
[EventRounds "11"]
[EventCountry "USA"]
[SourceTitle "CBM 206 Extra"]
[Source "ChessBase"]
[SourceDate "2022.03.31"]
[SourceVersion "1"]
[SourceVersionDate "2022.03.31"]
[SourceQuality "1"]

1. e4 e6 2. d4 d5 3. Bd3 c5 4. exd5 exd5 5. Nf3 Nc6 6. 0-0 c4 7. Re1+ Be7 8. Bf1 Rb8 9. Bf4 Ra8 10. b3 cxb3 11. axb3 Nf6 12. c4 0-0 13. Nc3 Bb4 14. Rc1 Ba3 15. Rc2 Bf5 16. Rd2 Bb4 17. Qc1 Bxc3 18. Qxc3 Ne4 19. Rxe4 Bxe4 20. Ng5 Bg6 21. c5 Re8 22. Rd1 Qa5 23. Qb2 Qb4 24. Nf3 Na5 25. Ne5 Qxb3 26. Qa1 Nc6 27. Nxg6 hxg6 28. Rb1 Qc2 29. Rxb7 Re4 30. Be3 Rae8 31. Bb5 R8e6 32. Bxc6 Rxc6 33. h3 Rf6 34. Rb2 Qc4 35. Qxa7 Kh7 36. Qb8 g5 37. Kh2 g4 38. h4 Qf1 39. Qg3 Rg6 40. Rb6 f5 41. Rxg6 Kxg6 42. Qd6+ Kh7 43. Qxd5 Qd3 44. Qxf5+ Kg8 45. Qd5+ Kh7 46. c6 Qc2 47. c7 Qxc7+ 48. g3 Qe7 49. Qf5+ g6 50. Qd5 Qe6 51. Qb7+ Qe7 52. Qb3 Qe6 53. d5 Qd7 54. Qd3 Re8 55. d6 Rd8 56. Bf4 Ra8 57. h5 Qf5 58. Qxf5 gxf5 59. Kg2 Rd8 60. Kf1 Kg7 61. h6+ Kg6 62. Ke2 Kf6 63. Kd3 Ke6 64. Kc4 Rc8+ 65. Kb5 Rc2 66. Kb6 Kd7 67. h7 Rc8 68. Be5 Rb8+ 69. Kc5 Rc8+ 70. Kd4 Ra8 71. h8Q Ra4+ 72. Kd3 Ra3+ 73. Kc2 Ra2+ 74. Kb3 Rxf2 75. Qg7+ Kc6 76. Qc7+ Kd5 77. d7 Rf3+ 78. Bc3 Ke4 79. d8Q Re3 80. Qc6# 1-0

[Event "Titled Tuesday intern op 01st Feb-A"]
[Site "Chess.com INT"]
[Date "2022.02.01"]
[Round "7"]
[White "Abdrlauf, Elham"]
[Black "Onischuk, Vladimir"]
[Result "1/2-1/2"]
[WhiteElo "2343"]
[BlackElo "2612"]
[PlyCount "99"]
[EventDate "2022.02.01"]
[EventType "swiss (blitz)"]
[EventRounds "11"]
[EventCountry "USA"]
[SourceTitle "CBM 206 Extra"]
[Source "ChessBase"]
[SourceDate "2022.03.31"]
[SourceVersion "1"]
[SourceVersionDate "2022.03.31"]
[SourceQuality "1"]

1. e4 g6 2. d4 Bg7 3. Nf3 d6 4. Be3 a6 5. c4 b6 6. Nc3 Bb7 7. Bd3 Nd7 8. 0-0 e6 9. Rc1 Ne7 10. b4 h6 11. d5 c5 12. bxc5 Nxc5 13. Bxc5 bxc5 14. e5 exd5 15. cxd5 0-0 16. Bc4 dxe5 17. d6 Nf5 18. Bd5 Bxd5 19. Qxd5 Qxd6 20. Rfd1 Qxd5 21. Nxd5 e4 22. Nd2 e3 23. Nxe3 Nxe3 24. fxe3 Rfd8 25. Rxc5 Rab8 26. Rc2 Rbc8 27. Rxc8 Rxc8 28. Nb3 Rc2 29. Rd2 Rxd2 30. Nxd2 Kf8 31. Kf2 Ke7 32. Ke2 Kd6 33. Kd3 Kc5 34. Ne4+ Kb4 35. Nd6 f5 36. h4 h5 37. e4 fxe4+ 38. Nxe4 Ka3 39. Kc4 Bf8 40. Ng5 Kxa2 41. Ne6 Be7 42. Nf4 Bxh4 43. Nxg6 Bd8 44. Kb4 Kb2 45. Nf4 h4 46. Ng6 Kc2 47. Nxh4 Bxh4 48. Ka5 Bg3 49. Kxa6 Kd2 50. Kb5 1/2-1/2

[Event "Titled Tuesday intern op 01st Feb-A"]
[Site "Chess.com INT"]
[Date "2022.02.01"]
[Round "5"]
[White "Stoleriu, George"]
[Black "Onischuk, Vladimir"]
[Result "0-1"]
[WhiteElo "2419"]
[BlackElo "2612"]
[PlyCount "66"]
[EventDate "2022.02.01"]
[EventType "swiss (blitz)"]
[EventRounds "11"]
[EventCountry "USA"]
[SourceTitle "CBM 206 Extra"]
[Source "ChessBase"]
[SourceDate "2022.03.31"]
[SourceVersion "1"]
[SourceVersionDate "2022.03.31"]
[SourceQuality "1"]

1. e4 g6 2. d4 Bg7 3. Nc3 d6 4. Be3 a6 5. Qd2 b5 6. Bd3 Bb7 7. Nce2 Nf6 8. f3 Nbd7 9. c3 c5 10. h4 h6 11. Nh3 e5 12. d5 c4 13. Bc2 Nc5 14. Nf2 Nfd7 15. Ng4 h5 16. Nf2 a5 17. b4 axb4 18. cxb4 Na4 19. g3 Ndb6 20. 0-0 0-0 21. Kg2 f5 22. exf5 gxf5 23. Bg5 Qd7 24. Bh6 Nxd5 25. Rad1 Bxh6 26. Qxh6 Rf6 27. Qxh5 Ne3+ 28. Kh2 Nxc2 29. g4 Qh7 30. Qg5+ Rg6 31. Qxf5 Ne3 32. Qb1 Qxh4+ 33. Kg1 Rh6 0-1

[Event "Titled Tuesday intern op 18th Jan"]
[Site "Chess.com INT"]
[Date "2022.01.18"]
[Round "5"]
[White "Kosakowski, Jakub"]
[Black "Onischuk, Vladimir"]
[Result "1-0"]
[WhiteElo "2442"]
[BlackElo "2612"]
[PlyCount "65"]
[EventDate "2022.01.18"]
[EventType "swiss (blitz)"]
[EventRounds "11"]
[EventCountry "USA"]
[SourceTitle "CBM 206 Extra"]
[Source "ChessBase"]
[SourceDate "2022.03.31"]
[SourceVersion "1"]
[SourceVersionDate "2022.03.31"]
[SourceQuality "1"]

1. Nf3 g6 2. e4 Bg7 3. d4 d6 4. Bc4 e6 5. 0-0 Ne7 6. Re1 a6 7. Nbd2 b6 8. Nf1 Bb7 9. a4 Nd7 10. Bb3 h6 11. c3 0-0 12. Ng3 Qb8 13. h4 Qa7 14. h5 g5 15. Nh2 e5 16. Ng4 Rae8 17. Qf3 Qa8 18. Bxg5 hxg5 19. h6 Bh8 20. Nh5 Kh7 21. Bxf7 Qd8 22. Nhf6+ Nxf6 23. Nxf6+ Bxf6 24. Qxf6 Nf5 25. Qg6+ Kh8 26. exf5 Rg8 27. Bxg8 Rxg8 28. Qf7 e4 29. d5 Qf8 30. Qxc7 Bxd5 31. Rad1 Qxf5 32. Qxd6 Bf7 33. Qd4+ 1-0

[Event "Titled Tuesday intern op 18th Jan"]
[Site "Chess.com INT"]
[Date "2022.01.18"]
[Round "1"]
[White "Ortega Amarelle, Mariano"]
[Black "Onischuk, Vladimir"]
[Result "0-1"]
[WhiteElo "2472"]
[BlackElo "2612"]
[PlyCount "82"]
[EventDate "2022.01.18"]
[EventType "swiss (blitz)"]
[EventRounds "11"]
[EventCountry "USA"]
[SourceTitle "CBM 206 Extra"]
[Source "ChessBase"]
[SourceDate "2022.03.31"]
[SourceVersion "1"]
[SourceVersionDate "2022.03.31"]
[SourceQuality "1"]

1. e4 g6 2. d4 Bg7 3. c3 d6 4. Bd3 a6 5. Nf3 b6 6. 0-0 Bb7 7. a4 Nd7 8. Re1 e6 9. Nbd2 Ne7 10. Nc4 h6 11. h4 0-0 12. e5 dxe5 13. Ncxe5 Nxe5 14. Nxe5 Nf5 15. g3 c5 16. Bxf5 exf5 17. dxc5 Qxd1 18. Rxd1 Bxe5 19. Bxh6 Rfd8 20. cxb6 Bf6 21. Be3 Rxd1+ 22. Rxd1 Rd8 23. Rxd8+ Bxd8 24. a5 Bf6 25. f4 Kf8 26. Kf2 Ke7 27. Bc5+ Ke6 28. Ke3 Kd5 29. Bf8 Kc4 30. Ba3 Kb3 31. Kd3 Bc6 32. Bc5 Kxb2 33. Bd4 Be7 34. Be5 Kb3 35. Kd4 Ka4 36. Bc7 Kb5 37. Ke5 Bb7 38. Bd6 Bd8 39. Bc7 Bxc7+ 40. bxc7 Kxa5 41. Kd6 Kb5 0-1